| 000 | 00885nam a2200193Ii 4500 | ||
|---|---|---|---|
| 003 | JO-AjNU | ||
| 008 | 230605s9999||||xx |||||||||||||| ||und|| | ||
| 040 |
_aJO-AjNU _bara _erda _cJO-AjNU |
||
| 041 | _aara | ||
| 050 | 1 | 4 | _aLB1715.W3764 |
| 100 | 3 |
_aالمركز الإقليمي لتدريب القيادات التربوية في البلاد العربية؛ ترجمة مركز اليونسكو الإقليمي في البلاد العربية, _eauthor _937007 |
|
| 245 | 0 | 0 | _aتدريب مربي المعلمين: من دراسات منظمة اليونسكو = The Training of teacher Educators: Educational Studies And Docments |
| 264 | 3 | 1 | _aد.م: د.ن، د.ت |
| 300 | _a107ص | ||
| 336 |
_atext _btxt _2rdacontent |
||
| 337 |
_aunmediated _bn _2rdamedia |
||
| 338 |
_avolume _bnc _2rdacarrier |
||
| 650 | 4 |
_aالمعلمين - تدريب - تربية وتعليم _937008 |
|
| 999 |
_aA15425 _c18993 _d18993 |
||